000 00445nam a2200169Ia 4500
008 230524s9999 xx 000 0 und d
020 _a9780070615632
082 _a658.3
_bCAS
100 _aWayne F.Cascio
245 0 _aManaging Human Resources : Productivity Quality of Work Life Profits
250 _a7TH
260 _aNEW DELHI
_bTMH
_c2008
300 _aXXIV;662
500 _aQuantity Number: 3
650 _aManagement
942 _cBK
999 _c41290
_d41290